Promesas y realidades de la integración económica latinoamericana.
Problematika ekonomickej integrácie krajín LA. Teritoriálna štruktúra svetového obchodu v 80. rokoch - VKŠ, RZ a bývalé SZ. Vývoj a tendencie obchodnej výmeny medzi krajinami LA, Mexikom a LA. Vplyv vysokého objemu obchodnej výmeny Mexika s USA, Japonskom, Nemeckom, Španielskom a Kanadou. Hlboká krí...
Gespeichert in:
| 1. Verfasser: | |
|---|---|
| Format: | Buchkapitel |
| Sprache: | Spanisch |
| Schlagworte: | |
| Tags: |
Keine Tags, Fügen Sie das erste Tag hinzu!
|
MARC
| LEADER | 00000naa a2200000 4500 | ||
|---|---|---|---|
| 001 | r001897 | ||
| 005 | 20220909073628.9 | ||
| 041 | 0 | |a spa | |
| 044 | |a MX | ||
| 245 | 1 | 0 | |a Promesas y realidades de la integración económica latinoamericana. |c T. Peňaloza Webb |
| 520 | |a Problematika ekonomickej integrácie krajín LA. Teritoriálna štruktúra svetového obchodu v 80. rokoch - VKŠ, RZ a bývalé SZ. Vývoj a tendencie obchodnej výmeny medzi krajinami LA, Mexikom a LA. Vplyv vysokého objemu obchodnej výmeny Mexika s USA, Japonskom, Nemeckom, Španielskom a Kanadou. Hlboká kríza medzinárodného obchodu krajín LA - antagonizmus a diferencia jednotlivých krajín ako jedna z hlavných prekážok obchodu. Úvahy a hypotézy pokúšajúce sa objasniť oslabovanie obchodných vzťahov medzi krajinami. | ||
| 610 | 2 | 0 | |a obchod svetový |
| 610 | 2 | 0 | |a Latinská Amerika |
| 610 | 2 | 0 | |a integrácia ekonomická medzinárodná |
| 610 | 2 | 0 | |a obchod výmenný |
| 610 | 2 | 0 | |a údaje štatistické |
| 610 | 2 | 0 | |a obchod medzinárodný |
| 100 | 1 | |a Peňaloza Webb, T. | |